000 00666nam a2200277Ia 4500
005 20260324123157.0
008 008 260324s9999 xx 000 0 eng d
020 _a9780429348334
037 _aEBOOK
040 _aCRL
040 _beng
040 _cCRL
041 _2eng
041 _aeng
084 _qCRL
100 _aStephanie Eckroth; Ann R Hawkins
_91169320
245 0 _aRomantic Women Writers Reviewed, Part I Vol 1
260 _bTaylor and Francis
260 _c2012
365 _a
365 _b195
856 _uhttp://www.taylorfrancis.com/books/9780429348334
942 _cEBOOK
999 _c1762604
_d1762604